Paw Patrol: Skye-High Rescue / (Record no. 48669)
| 000 -LEADER | |
|---|---|
| fixed length control field | 00323nam a2200109 4500 |
| 020 ## - INTERNATIONAL STANDARD BOOK NUMBER | |
| International Standard Book Number | 9781474876445 |
| 100 ## - MAIN ENTRY--PERSONAL NAME | |
| Personal name | Parragon Books, |
| Relator term | Publisher. |
| 9 (RLIN) | 85288 |
| 245 ## - TITLE STATEMENT | |
| Title | Paw Patrol: Skye-High Rescue / |
| Remainder of title | by Parragon Books. |
| 260 ## - PUBLICATION, DISTRIBUTION, ETC. (IMPRINT) | |
| Place of publication, distribution, etc | UK. : |
| Name of publisher, distributor, etc | Parragon ; |
| Date of publication, distribution, etc | 2017. |
| 300 ## - PHYSICAL DESCRIPTION | |
| Extent | 32 pages |
| Dimensions | 7.2 x 0.35 x 8.94 inches. |
| 942 ## - ADDED ENTRY ELEMENTS (KOHA) | |
| Source of classification or shelving scheme | |
| Koha item type | Book |
| Withdrawn status | Lost status | Source of classification or shelving scheme | Damaged status | Not for loan | Home library | Current library | Date acquired | Total Checkouts | Full call number | Barcode | Date last seen | Date checked out | Price effective from | Koha item type |
|---|---|---|---|---|---|---|---|---|---|---|---|---|---|---|
| Logos International School | Logos International School | 03/20/2025 | 6 | E PAW | 040538 | 04/30/2026 | 04/02/2026 | 03/20/2025 | Book |